| 000 | 00476nam a22001457a 4500 | ||
|---|---|---|---|
| 082 |
_aT-249 _cThesis |
||
| 100 |
_aRahat Ullah _951747 |
||
| 245 | _aEvaluating the effects of stone dust and glass powder on the flexural behavior of reinforced concrete beam and bond strength of concrete | ||
| 260 |
_aRisalpur, _bMCE, _c2019. |
||
| 300 |
_a60p. _bill. _c28cm. |
||
| 526 |
_a0 _b0 _c0 _dT_249 |
||
| 650 | _aStructure | ||
| 700 | _aDr Muhammad Shahid Siddique | ||
| 942 |
_2ddc _cBK |
||
| 999 |
_c554302 _d554302 |
||